| 000 | 00774nam a22002417a 4500 | ||
|---|---|---|---|
| 005 | 20250520155737.0 | ||
| 008 | 250520b |||||||| |||| 00| 0 eng d | ||
| 020 | _a978-93-92816-32-1 (hbk) | ||
| 037 | _cTB | ||
| 040 |
_aAL _cAL |
||
| 041 |
_2eng _aeng |
||
| 084 |
_aR694,1 R2 _qAL |
||
| 100 |
_aMandal, Manotosh _9809126 |
||
| 245 | _aIndian pandits and Tibetan rendering of Buddhist logic | ||
| 260 |
_aNew Delhi, India: _bAbhijeet Publications, _c2022. |
||
| 300 | _a249p. | ||
| 365 |
_b1160.00 _cINR |
||
| 650 |
_aBuddhist Philosophy _9809127 |
||
| 650 |
_aLogic _9809128 |
||
| 650 | _aPhilosophy | ||
| 942 |
_2CC _cTB _hR694,1 R2 _n0 |
||
| 999 |
_c1428908 _d1428908 |
||